Práctica ovina y caprina /
Práctica ovina y caprina es una selección de temas clínicos con particular interés para el veterinario que brinda información valiosa sobre el diagnóstico y las opciones terapéuticas para los problemas más comunes en ovinos y caprinos, otorgando una información sumamente rica y útil e...
| Άλλοι συγγραφείς: | , |
|---|---|
| Μορφή: | Βιβλίο |
| Γλώσσα: | Spanish English |
| Έκδοση: |
Buenos Aires:
Inter Médica,
2000.
|
| Έκδοση: | Primera edición. |
| Θέματα: |
MARC
| LEADER | 00000cam a2200000 i 4500 | ||
|---|---|---|---|
| 003 | Ucuenca | ||
| 005 | 20231012154129.0 | ||
| 006 | a||||fr|||| 001 || | ||
| 007 | ta | ||
| 008 | 015080t20002000ag aaaafr|||| 001|||spa|a | ||
| 020 | |a 950-555-233-02 |q obra en inglés | ||
| 020 | |a 950-555-230-0 | ||
| 040 | |b spa |a UCuenca-cdrjbv |c UCuenca |e rda | ||
| 041 | 1 | |a spa |h eng | |
| 082 | 0 | |a 636.391 |2 22 |c 250862 | |
| 240 | 1 | 0 | |a Sheep and Goat Practice 2 |
| 245 | 0 | 0 | |a Práctica ovina y caprina / |c Margaret Melling y Martin Alder editores. |
| 250 | |a Primera edición. | ||
| 264 | 1 | |a Buenos Aires: |b Inter Médica, |c 2000. | |
| 264 | 4 | |c ©2000 | |
| 300 | |a x, 193 páginas: |b ilu |c 23 cm | ||
| 336 | |2 rdacontent |a texto |b txt | ||
| 337 | |2 rdamedia |a no mediado |b n | ||
| 338 | |2 rdacarrier |a volumen |b nc | ||
| 504 | |a incl. ref. | ||
| 505 | 0 | |a Examen de rutina del carnero -- Recolección e interpretación del semen de carnero bajo condiciones de práctica general -- Vasectomía en el carnero -- Necesidades de calostro del cordero recién nacido -- Anemia en los corderos y cabritos causada por la alimentación con calostro vacunos -- Aspectos benéficos de la castración y el descole de los corderos -- Problemas en las granjas ovinas de sistema extensivo -- Anestesia en las ovejas y cabras -- Control de los parásitos en las ovejas -- Diagnóstico y control de la coccidiosis ovina -- Infección por el virus de maedi-visna en la práctica -- Diagnóstico diferencial de la pérdida de peso en las ovejas -- Linfoadenitis caseosa en ovejas y cabras -- Amputación del dedo ovino -- Tratamiento del prolapso vaginal en las ovejas. | |
| 520 | 3 | |a Práctica ovina y caprina es una selección de temas clínicos con particular interés para el veterinario que brinda información valiosa sobre el diagnóstico y las opciones terapéuticas para los problemas más comunes en ovinos y caprinos, otorgando una información sumamente rica y útil en la práctica de la especialidad. | |
| 650 | 1 | 4 | |a Medicina veterinaria |9 18011 |
| 650 | 1 | 7 | |a Producción agrícola |2 UCuenca-cdrjbv |9 12424 |
| 650 | 2 | 7 | |a Producción agrícola |2 UCuenca-cdrjbv |x ovina y caprina |9 268581 |
| 651 | |2 UCuenca-cdrjbv | ||
| 700 | 1 | |a Melling, Margaret. |e editor |9 80475 | |
| 700 | 1 | |a Alder, Martin. |e editor |9 248847 | |
| 852 | |a UC-YANUNCAY |c est_abierta |f Reposicion |k jterreros |l 1 |m General |p 2015-08-03 |q 20.00 |r 2 |t 250862 |v agro |w Medicina Veterinaria y Zootecnia |y 472562 |b 0 |d CDRY |e CDRY |g 636.391 |z 2015-50-80 | ||
| 852 | |a UC-YANUNCAY |c est_abierta |f Donación |k jterreros |l 1 |m General |p 0000-00-00 |q 26.00 |r 2 |t 250863 |v agro |b 0 |d CDRY |e CDRY |g 636.391 | ||
| 856 | |a http://sibuc.ucuenca.edu.ec/portada/4589.jpg | ||
| 942 | |c BK |2 ddc |r patricia.tenesaca@ucuenca.edu.ec | ||
| 999 | |c 58415 |d 58415 | ||